000 00321nam a2200133Ia 4500
005 20251222142021.0
008 251222s9999||||xx |||||||||||||| ||spa||
020 _a84-7490-132-4
082 _a249.7/C24
100 _aCamisasca, Massimo
245 0 _aEl DesafĂ­o de la Paternidad:
264 _bEncuentro
942 _cLIB
999 _c10654
_d10654